01002nam a2200277Ia 450000500170000000800410001702000150005804000350007310000370010824500900014525000220023526400270025730000470028433600270033133700330035833800280039165000510041965000490047065000410051965000410056070000390060170000410064094200150068108400130069699900150070920220317000142.0141031s2009 mx a gs 000 0 spa d a9684941773 aCO-BoRNBPbspacCO-BoRNBPerda1 aNúñez, Alonso,d1969-eautor10aBuen provecho...banimales al acecho!cAlonso Núñez ; ilustrado por Juan Gedovius aPrimera edición 1aMéxicobCidclic2009 a14 páginasbilustraciones a colorc23 cm atextobtxt2rdacontent asin mediaciónbn2rdamedia avolumenbnc2rdacarrier14aÁlbumes infantiles mexicanosySiglo XX2LEMB14aLiteratura infantil mexicanaySiglo XX2LEMB14aAnimalesvÁlbumes infantiles2LEMB14aLibros ilustrados para niños2LEMB1 aGedovius, Juan,eilustrador9178061 aCastellanos, Elisa,eeditora9128397 2loccBKLIT aA NUÑ2 c3240d3240